Слово – зброя дипломата (Запис № 573489)

МАРК-запис
000 -Лідер
fixed length control field 00900 a2200241 4500
003 - Ідентифікатор контрольного номера
control field UA-OsUOA
005 - Дата та час останнього входження (трансакції)
control field 20230105142255.0
008 - Елементи даних фіксованої довжини – загальна інформація
fixed length control field 230105b un ||||| |||| 00| 0 ukr d
020 ## - Міжнародний стандартний книжковий номер (ISBN)
Міжнародний стандартний книжковий номер (ISBN) (НП) 9786179510885
040 ## - Джерело каталогізації
Агенція оригінальної каталогізації UA-OsUOA
Мова каталогізації ukr
Агенція, яка здійснювала перезапис UA-OsUOA
Агенція, яка здійснювала модифікацію UA-OsUOA
041 ## - Код мови
Код мови тексту/ звукової доріжки чи окремого заголовка (П) ukr
080 ## - Індекс Універсальної десяткової класифікації
Індекс Універсальної десяткової класифікації (УДК) (НП) 82-94:341.7
090 ## - Локальний шифр розміщення
Класифікаційний індекс УДК 82-94:341.7
Авторський знак (НП) Г94
100 ## - Основне введення – ім’я особи
Ім’я особи (НП) Гуменюк Б.
245 ## - Відомості про назву
Назва (НП) Слово – зброя дипломата
Дані про відповідальність (НП) Борис Гуменюк
260 ## - Публікація, розповсюдження і т.п. (Вихідні дані)
Місце публікації, розповсюдження і т.п. (П) К.
Ім’я/ наймення видавництва, розповсюджувача і т.п. (П) ДП ГДІП
Дата публікації, розповсюдження і т.п. (П) 2022
300 ## - Фізичний опис
Обсяг 64 с.
490 ## - Область серії
Назва серії Бібліотека наукового щорічника "Україна дипломатична"
Позначення і номер тому / порядкове позначення Вип. 23
650 ## - Додаткове предметне введення – тематичний термін
Джерело заголовка чи терміна UDC
Тематичний термін чи географічна назва, як елемент введення (НП) 82 Література. Літературознавство
942 ## - Додаткові елементи входу (Коха)
Тип елемента Koha Книги
Source of classification or shelving scheme Universal Decimal Classification
955 ## - Код типу видання за змістом
Код типу видання за змістом (НП) Науково-популярні видання
Фонди
Стан вилучень Стан втрат Джерело класифікації або схеми стелажів Стан уражень Не для кредиту Постійне місце розташування Поточне розміщення Дата придбання Джерело придбання Вартість, звичайна ціна покупки Усього замовленно Повний номер виклику Штрих-код Дата останнього перегляду Вартість, ціна заміни Ціна ефективна від Тип елемента Koha Примітка, призначена для загального доступу Код колекції Дата останньої перевірки
    Universal Decimal Classification     АБ - Абонемент НБ АБ - Абонемент НБ 05/01/2023 №2/04.01.2023 20.00   82-94:341.7 Г94 165303 05/01/2023 20.00 05/01/2023 Книги подарував Кривонос П.    
    Universal Decimal Classification     АБ - Абонемент НБ АБ - Абонемент НБ 05/01/2023 №2/04.01.2023 20.00   82-94:341.7 Г94 165304 05/01/2023 20.00 05/01/2023 Книги подарував Кривонос П.    
    Universal Decimal Classification     АБ - Абонемент НБ АБ - Абонемент НБ 12/07/2023 №27/12.07.2023 20.00 1 82-94:341.7 Г94 166021 12/05/2025 20.00 12/07/2023 Книги подарувала Атаманенко А.   22/04/2025
    Universal Decimal Classification     АБ - Абонемент НБ АБ - Абонемент НБ 12/07/2023 №27/12.07.2023 20.00   82-94:341.7 Г94 166022 12/07/2023 20.00 12/07/2023 Книги подарувала Атаманенко А.    
    Universal Decimal Classification     ЧЗ - Читальна зала ЧЗ - Читальна зала 05/01/2023 №2/04.01.2023 20.00   82-94:341.7 Г94 165301 05/01/2023 20.00 05/01/2023 Книги подарував Кривонос П.    
    Universal Decimal Classification     ЧЗ - Читальна зала ЧЗ - Читальна зала 05/01/2023 №2/04.01.2023 20.00   82-94:341.7 Г94 165302 05/01/2023 20.00 05/01/2023 Книги подарував Кривонос П.    
    Universal Decimal Classification     ЧЗ - Читальна зала ЧЗ - Читальна зала 19/06/2023 №21/13.06.2023 20.00   82-94:341.7 Г94 165896 19/06/2023 20.00 19/06/2023 Книги з автографом Б. Гуменюка Колекція Пасічника І.Д.